Género en el trabajo (Registro nro. 3030)
[ vista simple ]
| 000 -LEADER | |
|---|---|
| fixed length control field | 01668 a2200241 4500 |
| 001 - CONTROL NUMBER | |
| control field | 39350 |
| 005 - DATE AND TIME OF LATEST TRANSACTION | |
| control field | 20260407155652.0 |
| 008 - FIXED-LENGTH DATA ELEMENTS--GENERAL INFORMATION | |
| fixed length control field | 260407a2014 arg spa d |
| 003 - CONTROL NUMBER IDENTIFIER | |
| control field | AR-UNSa-BCEJYS |
| 040 ## - CATALOGING SOURCE | |
| Original cataloging agency | AR-UNSa-BCEJYS |
| Language of cataloging | spa |
| Transcribing agency | AR-UNSa-BCEJYS |
| 080 ## - UNIVERSAL DECIMAL CLASSIFICATION NUMBER | |
| Universal Decimal Classification number | 305 |
| Common auxiliary subdivision | Estudios de género. Rol sexual. Género. Personas, desde un punto de vista interdisciplinar |
| 020 ## - INTERNATIONAL STANDARD BOOK NUMBER | |
| International Standard Book Number | 978-987-1560-57-8 |
| 041 ## - LANGUAGE CODE | |
| Language code of text/sound track or separate title | spa |
| 100 1# - MAIN ENTRY--PERSONAL NAME | |
| Personal name | Programa de las Naciones Unidas para el Desarrollo (PNUD) |
| 245 10 - TITLE STATEMENT | |
| Title | Género en el trabajo |
| Name of part/section of a work | brechas en el acceso a puestos de decisión |
| 264 #1 - PRODUCTION, PUBLICATION, DISTRIBUTION, MANUFACTURE, AND COPYRIGHT NOTICE | |
| Place of production, publication, distribution, manufacture | Buenos Aires : |
| Name of producer, publisher, distributor, manufacturer | PNUD |
| Date of production, publication, distribution, manufacture, or copyright notice | 2014 |
| 300 ## - PHYSICAL DESCRIPTION | |
| Extent | xiii, 93 p. |
| Dimensions | 28 cm. |
| 520 ## - SUMMARY, ETC. | |
| Summary, etc. | Género en el trabajo: brechas en el acceso a puestos de decisión, analiza la desigualdad en el acceso a puestos laborales y describe las características sociodemográficas y los perfiles actitudinales de las argentinas que han ocupado puestos de decisión entre 1996 y 2012. A través de entrevistas en profundidad se describen los factores que han facilitado (u obstaculizado) sus trayectorias, percepciones y vivencias sobre las culturas organizaciones y los estereotipos de género, así como su visión sobre iniciativas y políticas para promover la igualdad de género en el trabajo. |
| 505 ## - FORMATTED CONTENTS NOTE | |
| Formatted contents note | 1. Igualdad de género en el desarrollo humano - 2. Mujeres y varones en el ámbito laboral - 3. El acceso de las mujeres a puestos de decisión - 4. Trayectorias en grandes empresas: estereotipos, empoderamiento y nuevos liderazgos |
| 590 ## - LOCAL NOTE (RLIN) | |
| Local note | niveau_biblio:m niveau_hierar:0 |
| 856 41 - ELECTRONIC LOCATION AND ACCESS | |
| Uniform Resource Identifier | <a href="https://biblioeco.unsa.edu.ar/pmb/images/libros/L125703.jpg">https://biblioeco.unsa.edu.ar/pmb/images/libros/L125703.jpg</a> |
| Link text | Imagen de portada |
| Electronic format type | image/jpeg |
| 942 ## - ADDED ENTRY ELEMENTS (KOHA) | |
| Koha item type | |
| Withdrawn status | Lost status | Damaged status | Not for loan | Home library | Current library | Shelving location | Date acquired | Total checkouts | Full call number | Barcode | Date last seen | Price effective from | Koha item type |
|---|---|---|---|---|---|---|---|---|---|---|---|---|---|
| Biblioteca Prof. Eusebio Cleto del Rey | Biblioteca Prof. Eusebio Cleto del Rey | 07/04/2026 | 305 P962 | L125703 | 07/04/2026 | 07/04/2026 | Libro |